Statystyki dla Państwa Europy według kolejności #1

Kliknij tutaj aby rozwiązać quiz!

Ogólne statystyki

  • Ten quiz został rozwiązany 85 razy
  • Średni wynik to 21 z 45

Statystyki odpowiedzi

HintOdpowiedź% Poprawnych
1Rosja
92%
3Francja
59%
9NorwegiaNorwegia
59%
6Szwecja
56%
4Ukraina
56%
8Finlandia
55%
5Hiszpania
55%
7Niemcy
52%
16BułgariaBułgaria
51%
17IslandiaIslandia
51%
10Polska
51%
11Włochy
51%
13Rumunia
49%
2Turcja
49%
14Białoruś
48%
15Grecja
48%
41MaltaMalta
48%
45Watykan
48%
12Wielka Brytania
48%
40Andora
47%
42Liechtenstein
47%
25ŁotwaŁotwa
47%
39Luksemburg
47%
36Macedonia PółnocnaMacedonia Północna
47%
44Monako
47%
43San Marino
47%
20SerbiaSerbia
47%
35AlbaniaAlbania
44%
24Litwa
44%
33MołdawiaMołdawia
44%
28SłowacjaSłowacja
44%
18Węgry
44%
22Czechy
41%
21Austria
40%
19Portugalia
40%
27Bośnia i Hercegowina
39%
38Czarnogóra
39%
29Estonia
39%
37Słowenia
39%
34Belgia
36%
31Holandia
36%
23Irlandia
35%
32Szwajcaria
35%
30Dania
33%
26Chorwacja
32%

Rozkład punktacji

Percentyl według liczby udzielonych odpowiedzi

Procent ludzi z każdym wynikiem

Twoja historia wyników

Nie rozwiązałeś tego quizu